[Event "AUTO-OPEN-3162"]
[Site "http://www.queenalice.com/game.php?id=1246970"]
[Date "2014.1.10"]
[Round "1"]
[White "GKCaruanaPetrosian"]
[Black "pacou93"]
[Result "0-1"]
[WhiteElo "1758"]
[BlackElo "1677"]

1. e4 e5 2. Nf3 Nc6 3. Bb5 Nge7 4. c3 d5 5. Qc2 a6 6. Ba4 Bd7 7. exd5 Nxd5 8.
O-O Bd6 9. Bb3 Nb6 10. d4 exd4 11. Re1+ Be7 12. cxd4 O-O 13. a3 Bg4 14. Ne5 Nxe5
15. dxe5 c6 16. f3 Be6 17. Nd2 Bxb3 18. Nxb3 Qc7 19. Bd2 c5 20. Rac1 Rac8 21.
Ba5 Qc6 22. Re4 Qb5 23. Rh4 Bxh4 24. Bc3 c4 25. Nd2 Nd5 26. Bd4 Bg5 27. a4 Qd7
28. Re1 Rfe8 29. Ne4 Be7 30. Qf2 Nf4 31. Bc3 Nd3 32. Qg3 Qe6 33. Re3 Nc5 34.
Nf6+ Bxf6 0-1

[Event "AUTO-OPEN-3162"]
[Site "http://www.queenalice.com/game.php?id=1246993"]
[Date "2014.1.10"]
[Round "1"]
[White "TorresR"]
[Black "GKCaruanaPetrosian"]
[Result "0-1"]
[WhiteElo "1775"]
[BlackElo "1636"]

1. e4 e6 2. d4 d5 3. e5 c5 4. Nf3 Nc6 5. Bd3 Qb6 6. c3 Nh6 7. Ng5 cxd4 8. cxd4
Bb4+ 9. Bd2 Qxd4 10. Be2 Qxb2 11. Nc3 Bxc3 12. Bxc3 Qxc3+ 13. Kf1 Qxe5 14. h4
O-O 15. Qc2 Qxa1+ 16. Bd1 f5 17. f3 Bd7 18. Kf2 Qd4+ 0-1

[Event "AUTO-OPEN-3162"]
[Site "http://www.queenalice.com/game.php?id=1246994"]
[Date "2014.1.10"]
[Round "1"]
[White "GKCaruanaPetrosian"]
[Black "TorresR"]
[Result "1-0"]
[WhiteElo "1655"]
[BlackElo "1741"]

1. e4 Nc6 2. d4 d5 3. e5 Bf5 4. Bd3 Nxd4 5. c3 Bxd3 6. Qxd3 Ne6 7. f4 c6 8. Be3
Nc7 9. Nf3 f6 10. O-O Qd7 11. Na3 b6 12. Nc2 e6 13. a4 c5 14. Rfd1 c4 15. Qe2 f5
16. Nh4 Ne7 17. Nd4 a6 18. b4 b5 19. axb5 axb5 20. Rxa8+ Nxa8 21. Qa2 Nb6 22.
Qa6 Nec8 23. Nxb5 Qd8 24. Nf3 Be7 25. Bxb6 Nxb6 26. Nfd4 Kf7 27. Nc6 Qb8 28.
Nxb8 1-0

[Event "AUTO-INT-2791"]
[Site "http://www.queenalice.com/game.php?id=1247146"]
[Date "2014.1.11"]
[Round "1"]
[White "szybkielanie"]
[Black "GKCaruanaPetrosian"]
[Result "1-0"]
[WhiteElo "2059"]
[BlackElo "1693"]

1. e4 e5 2. Nf3 Nc6 3. d4 exd4 4. Bc4 Bc5 5. c3 dxc3 6. Bxf7+ Kxf7 7. Qd5+ Ke8
8. Qxc5 d6 9. Qxc3 Nf6 10. O-O Be6 11. Bg5 Kf7 12. Rd1 Qe7 13. Nbd2 Rhf8 14. e5
dxe5 15. Nxe5+ Nxe5 16. Qxe5 Rae8 17. Rac1 c6 18. Rc3 Bd5 19. Qxe7+ Rxe7 20.
Bxf6 gxf6 21. Rh3 Ke8 22. b3 Rg8 23. f3 Re2 24. Rg3 Rxg3 25. hxg3 Re3 26. Nf1
Re7 27. Kf2 Kf7 28. Ne3 Be6 29. g4 a5 30. Rd4 Bd7 31. Nc4 a4 32. Nd6+ Kg6 33.
Rxa4 h5 34. gxh5+ Kxh5 35. Nxb7 Bf5 36. Nc5 Bb1 37. Ne4 f5 38. g4+ fxg4 39.
fxg4+ Kxg4 40. Nd2+ 1-0

[Event "AUTO-INT-2791"]
[Site "http://www.queenalice.com/game.php?id=1247147"]
[Date "2014.1.11"]
[Round "1"]
[White "GKCaruanaPetrosian"]
[Black "szybkielanie"]
[Result "0-1"]
[WhiteElo "1674"]
[BlackElo "2063"]

1. e4 e6 2. Nf3 d5 3. exd5 exd5 4. d4 Bg4 5. Nbd2 Bd6 6. h3 Bh5 7. Be2 c6 8. O-O
Qc7 9. Re1 Ne7 10. c3 Nd7 11. Nf1 O-O-O 12. Bg5 f6 13. Bd2 g5 14. Qa4 Kb8 15. c4
Nb6 16. Qc2 dxc4 17. a4 Bg6 18. Qc1 h5 19. a5 Nbd5 20. g3 Bf5 21. h4 gxh4 22.
Nxh4 Rdg8 23. f4 Bxf4 24. Bxf4 Nxf4 25. Kh2 Nd3 26. Bxd3 Bxd3 27. Rxe7 Qxe7 28.
Qf4+ Ka8 29. Ne3 Qb4 30. Qf2 Re8 31. a6 Rxe3 32. Qxf6 Rf8 33. axb7+ Kxb7 34.
Qg7+ Qe7 35. Qg5 Qxg5 0-1

[Event "AUTO-INT-2791"]
[Site "http://www.queenalice.com/game.php?id=1247156"]
[Date "2014.1.11"]
[Round "1"]
[White "GKCaruanaPetrosian"]
[Black "Rijo"]
[Result "1-0"]
[WhiteElo "1737"]
[BlackElo "1656"]

1. Nf3 Nc6 2. g3 e5 3. Nc3 Nf6 4. Bg2 Qe7 5. d3 b6 6. Bg5 Bb7 7. Nd5 Qd6 8.
Nxf6+ gxf6 9. Bh4 Bh6 10. Nd2 Na5 11. Ne4 Qb4+ 12. c3 Qxb2 13. Bxf6 Rg8 14. O-O
Bxe4 15. Bxe4 Qxc3 16. Kh1 Bg5 17. Bxg5 Rxg5 18. Rc1 Qa3 19. Bxa8 c5 20. Be4 f5
21. Qd2 fxe4 22. Qxg5 exd3 23. Qxe5+ Kd8 24. exd3 Qxd3 25. Rcd1 Qb5 26. Rfe1 Kc8
27. Qd6 Nc4 28. Re8+ Kb7 29. Qd5+ Ka6 30. Re4 Nb2 31. Rb1 Ka5 32. Qd2+ Ka6 33.
Qxb2 Qc6 34. Qe2+ b5 35. a4 Ka5 36. Rxb5+ Ka6 37. Rxc5+ Kb7 38. Rxc6 dxc6 39.
Rb4+ 1-0

[Event "AUTO-INT-2791"]
[Site "http://www.queenalice.com/game.php?id=1247157"]
[Date "2014.1.11"]
[Round "1"]
[White "Rijo"]
[Black "GKCaruanaPetrosian"]
[Result "0-1"]
[WhiteElo "1575"]
[BlackElo "1683"]

1. e4 c5 2. c4 g6 3. Bd3 Bg7 4. Nf3 Nc6 5. Na3 Nb4 6. O-O Nxd3 7. Qe2 Nxc1 8.
Raxc1 Bxb2 9. Nb5 Bxc1 10. Rxc1 a6 11. Nc3 d6 12. Nd5 Bg4 13. h3 Be6 14. Ng5
Bxd5 15. exd5 Qd7 16. a3 h6 17. Nf3 O-O-O 18. d3 Nf6 19. g4 Rhe8 20. g5 Nh5 21.
gxh6 Qxh3 22. Ng5 Nf4 23. Qf1 Qg4+ 24. Kh1 Qxg5 25. Qg1 Qxh6+ 26. Qh2 Nh3 27.
Rf1 Rh8 28. f4 Qg7 29. Kg2 Qb2+ 30. Kh1 Nxf4 31. Qxh8 Rxh8+ 32. Kg1 Qg2# 0-1

[Event "Let's Play Chess!"]
[Site "http://www.queenalice.com/game.php?id=1282239"]
[Date "2014.5.16"]
[Round "-"]
[White "Zefil"]
[Black "GKCaruanaPetrosian"]
[Result "1-0"]
[WhiteElo "2082"]
[BlackElo "1740"]

1. b3 d5 2. Bb2 e6 3. e4 dxe4 4. Nc3 Nf6 5. Qe2 Bd6 6. Nxe4 Nxe4 7. Qxe4 Qg5 8.
Nf3 Qh5 9. Be2 Nd7 10. g3 Nf6 11. Qh4 Qc5 12. c4 Be7 13. Qd4 Qc6 14. O-O O-O 15.
Ne5 Qd6 16. Qc3 Rb8 17. Rad1 b6 18. Bf3 Bb7 19. Bxb7 Rxb7 20. Qd4 Qc5 21. Qxc5
Bxc5 22. Nd3 Be7 23. Ne5 Bd6 24. Nc6 a5 25. Bxf6 gxf6 26. a4 f5 27. d4 Kh8 28.
Rd3 f4 29. Re1 fxg3 30. hxg3 b5 31. axb5 Rb6 32. c5 Rxb5 33. cxd6 cxd6 34. d5
exd5 35. Ne7 d4 36. Re4 Re5 37. Rxe5 dxe5 38. Nc6 f6 39. Nxa5 Rd8 40. f3 1-0

[Event "Let's Play Chess!"]
[Site "http://www.queenalice.com/game.php?id=1282242"]
[Date "2014.5.16"]
[Round "-"]
[White "GKCaruanaPetrosian"]
[Black "Zefil"]
[Result "0-1"]
[WhiteElo "1742"]
[BlackElo "2080"]

1. e4 e6 2. f4 d5 3. exd5 Qxd5 4. Nc3 Qd6 5. d3 c5 6. Nf3 Nf6 7. Be2 a6 8. a4
Nc6 9. Be3 Be7 10. O-O O-O 11. Ne4 Nxe4 12. dxe4 b6 13. Bd3 Nb4 14. Bc4 Qxd1 15.
Raxd1 Nxc2 16. Ne5 Nxe3 17. Nc6 Bf6 18. Rd2 Nxf1 19. Kxf1 g6 20. e5 Bg7 21. b4
cxb4 22. Nxb4 a5 23. Nc6 Bb7 24. Ne7+ Kh8 25. Bb5 Rfd8 26. Rd6 Rxd6 27. exd6 Bf8
28. g4 Rd8 29. Nxg6+ hxg6 30. d7 Bd6 31. h4 Bxf4 32. Kf2 Kg8 33. g5 Kf8 34. Ke2
Ke7 35. Kd3 Rxd7+ 36. Bxd7 Kxd7 37. Kc4 Bc6 38. Kb3 Bd6 0-1

[Event "Chess Match"]
[Site "http://www.queenalice.com/game.php?id=1282283"]
[Date "2014.5.17"]
[Round "-"]
[White "GKCaruanaPetrosian"]
[Black "TomTheKing"]
[Result "0-1"]
[WhiteElo "1731"]
[BlackElo "1811"]

1. b3 e5 2. Bb2 Nc6 3. e3 a6 4. c4 Bb4 5. a3 Bc5 6. d3 d5 7. Nf3 Bg4 8. Be2 Bxf3
9. Bxf3 d4 10. exd4 Bxd4 11. Bxc6+ bxc6 12. Bxd4 Qxd4 13. Ra2 Nf6 14. Qf3 O-O
15. O-O a5 16. Rd2 Ra6 17. Re1 c5 18. Rde2 a4 19. b4 cxb4 20. axb4 a3 21. Rxe5
a2 22. h3 a1=Q 23. b5 Re6 24. Rxe6 fxe6 25. Kh2 Nd7 26. Qc6 Qf4+ 27. Kg1 Ne5 28.
Qxe6+ Rf7 29. Qe8+ Rf8 30. Qe6+ Kh8 31. f3 Qg3 32. Rf1 Nxf3+ 33. Rxf3 Qxb1+ 34.
Rf1 Qxf1# 0-1

[Event "Chess Match"]
[Site "http://www.queenalice.com/game.php?id=1282284"]
[Date "2014.5.17"]
[Round "-"]
[White "GKCaruanaPetrosian"]
[Black "spawnwolfwolverine"]
[Result "0-1"]
[WhiteElo "1741"]
[BlackElo "1610"]

1. Nf3 e6 2. g3 d5 3. Bg2 Nf6 4. c4 dxc4 5. Qa4+ Bd7 6. Qxc4 Nc6 7. O-O Bd6 8.
d3 O-O 9. Bg5 h6 10. Bd2 a6 11. Qc2 b5 12. a3 Na7 13. Bc3 c5 14. Nbd2 a5 15. b3
b4 16. axb4 cxb4 17. Bd4 Nc6 18. Nc4 Nxd4 19. Nxd4 Bc5 20. Qb2 Bxd4 21. Qd2 Bxa1
22. Bxa8 Qxa8 23. Rxa1 Qd5 24. e4 Qc5 25. e5 Nd5 26. Rc1 Nc3 27. d4 Qb5 28. Nd6
Qe2 29. Qf4 Bc6 30. Nc4 Qf3 31. Qxf3 Bxf3 32. h4 Ne2+ 0-1

[Event "Chess Match"]
[Site "http://www.queenalice.com/game.php?id=1282285"]
[Date "2014.5.17"]
[Round "-"]
[White "josebaron"]
[Black "GKCaruanaPetrosian"]
[Result "1-0"]
[WhiteElo "1933"]
[BlackElo "1739"]

1. e4 c5 2. Bc4 e6 3. Nf3 d6 4. d4 cxd4 5. Qxd4 a6 6. a4 Nc6 7. Qd1 Nf6 8. Nc3
Be7 9. O-O O-O 10. h3 Qc7 11. Bd3 Bd7 12. Re1 Rfd8 13. Bg5 h6 14. Bh4 g5 15.
Nxg5 hxg5 16. Bxg5 Ne5 17. f4 Nxd3 18. cxd3 Kg7 19. e5 Ng8 20. exd6 Qc5+ 21. d4
Qxd6 22. Bxe7 1-0

[Event "AUTO-OPEN-3162"]
[Site "http://www.queenalice.com/game.php?id=1304017"]
[Date "2014.8.25"]
[Round "3"]
[White "GKCaruanaPetrosian"]
[Black "Spartaccus"]
[Result "0-1"]
[WhiteElo "1758"]
[BlackElo "2195"]

1. e4 c5 2. Nf3 d6 3. d4 cxd4 4. Nxd4 Nf6 5. Nc3 a6 6. Bg5 e5 7. Nb3 Be7 8. a4
Nc6 9. Bc4 O-O 10. O-O Nxe4 11. Bxe7 Nxc3 0-1

[Event "AUTO-OPEN-3162"]
[Site "http://www.queenalice.com/game.php?id=1304018"]
[Date "2014.8.25"]
[Round "3"]
[White "Spartaccus"]
[Black "GKCaruanaPetrosian"]
[Result "1-0"]
[WhiteElo "2196"]
[BlackElo "1756"]

1. e4 e5 2. f4 exf4 3. Nf3 d5 4. exd5 Nf6 5. c4 Bc5 6. d4 Bb4+ 7. Nc3 O-O 8.
Bxf4 Re8+ 9. Be2 Bg4 10. O-O Bxc3 11. bxc3 1-0